Une image, un pays (partie1) - Statistiques

Statistiques générales
  • Ce quiz a été pris 208 fois
  • Le résultat moyen est 7 sur 8
Statistiques - réponses
Par images Réponse % Correct
Grèce
98%
Chine
97%
France
97%
Inde
96%
Australie
95%
Japon
94%
Etats Unis
84%
Jordanie
78%
Aucun quiz correspondant
Distribution des résultats
% des personnes avec chaque résultat
Percentile par nombre de réponses
Votre historique - résultats
Vous n’avez pas pris ce quiz